00402 2200145 4500245009000000020001800090250001100108100001900119650003600138005001900174260003100193041001400224084000900238336000900247 aEnsiklopedia Ilmiah Anak Muslim ; Masyarakat dan Bangsa jilid 6cTethy EzokanzohText a9786027943001 aCet. 1 aTethy Ezokanzo aEnsiklopedia Ilmiah Anak Muslim a20240820095629 aJakartabKaisar Ilmuc2013 aIndonesia aNONE atext